Clifford's big dictionary / (Record no. 7115)

MARC details
000 -LEADER
fixed length control field 01210nam a22003017a 4500
001 - CONTROL NUMBER
control field 7115
003 - CONTROL NUMBER IDENTIFIER
control field FISKH
005 - DATE AND TIME OF LATEST TRANSACTION
control field 20250826085748.0
008 - FIXED-LENGTH DATA ELEMENTS--GENERAL INFORMATION
fixed length control field 250624b cb ||||| |||| 00| 0 eng d
020 ## - INTERNATIONAL STANDARD BOOK NUMBER
International Standard Book Number 9780545217729
040 ## - CATALOGING SOURCE
Original cataloging agency FISKH
Language of cataloging eng
Transcribing agency FISKH
Modifying agency FISKH
050 ## - LIBRARY OF CONGRESS CALL NUMBER
Classification number PE1629 .C584
082 ## - DEWEY DECIMAL CLASSIFICATION NUMBER
Classification number 423.17
100 ## - MAIN ENTRY--PERSONAL NAME
Personal name Bridwell, Norman
245 ## - TITLE STATEMENT
Title Clifford's big dictionary /
Statement of responsibility, etc. By Norman Bridwell
250 ## - EDITION STATEMENT
Edition statement First printing, September 2010
260 ## - PUBLICATION, DISTRIBUTION, ETC.
Place of publication, distribution, etc. New York :
Name of publisher, distributor, etc. Scholastic ,
Date of publication, distribution, etc. 2010.
300 ## - PHYSICAL DESCRIPTION
Extent 128 pages :
Other physical details color illustrations ;
Dimensions 28 cm .
505 ## - FORMATTED CONTENTS NOTE
Formatted contents note M <br/>
520 ## - SUMMARY, ETC.
Summary, etc. The dictionary has alphabetical entries, with 10-25 words per letter, each illustrated with spot art, as well as simple sentences beneath each word to help describe it and put it in context. The frontmatter and backmatter includes sections on how to use a dictionary, numbers and colors, opposites, the body, things that go, Clifford's Big Ideas, and more!<br/>
521 8# - TARGET AUDIENCE NOTE
Target audience note 550 <br/>
Source Lexile estimate <br/>
521 8# - TARGET AUDIENCE NOTE
Target audience note M <br/>
Source Raz-Plus <br/>
650 ## - SUBJECT ADDED ENTRY--TOPICAL TERM
Topical term or geographic name entry element Picture dictionary
Form subdivision Non-fiction
650 ## - SUBJECT ADDED ENTRY--TOPICAL TERM
Topical term or geographic name entry element Vocabulary
Form subdivision Non-fcition
700 ## - ADDED ENTRY--PERSONAL NAME
Personal name Navarra, Angela
Relator term Cover designer
942 ## - ADDED ENTRY ELEMENTS (KOHA)
Source of classification or shelving scheme Dewey Decimal Classification
Koha item type Books
Suppress in OPAC No
Holdings
Withdrawn status Lost status Source of classification or shelving scheme Damaged status Not for loan Collection Home library Current library Shelving location Date acquired Total Checkouts Full call number Barcode Date last seen Copy number Price effective from Koha item type
    Dewey Decimal Classification     Reference Footprints International School Library Network Toul Kork Campus Footprints International School Library Network Toul Kork Campus Librarian's Shelf TK 09/30/2025   BRI 423.17 PE1629 .C584 FISBK06288 09/30/2025 3 09/30/2025 Books
    Dewey Decimal Classification     Non-Fiction Footprints International School Library Network Toul Tom Poung Campus Footprints International School Library Network Toul Tom Poung Campus TTP Primary Yellow Bookshelves 06/24/2025   BRI 423.17 PE1629 .C584 2025-1694 06/24/2025 1 06/24/2025 Books
    Dewey Decimal Classification     Non-Fiction Footprints International School Library Network Toul Tom Poung Campus Footprints International School Library Network Toul Tom Poung Campus TTP Primary Yellow Bookshelves 08/26/2025   BRI 423.17 PE1629 .C584 FISTK03836 08/26/2025 2 08/26/2025 Books